000 00451nam a2200181Ia 4500
001 15539
005 20260306170203.0
008 260306t2014||||xx |||||||||||||| ||und||
041 _aESP
082 _a542.1
_bR81
100 _aRomero Robles, Laura Eugenia
_eAUT
245 0 _aQuímica experimental:
_bmanual de laboratorio
260 _c2014
300 _a213 páginas :
_c26 cm.
650 _aGEN
654 _aCCN
942 _cLIB
_dJUS
_fJUS
_2ddc
_n
999 _c15539
_d15539